Corel Draw 9, (Record no. 180014)
[ view plain ]
| 000 -LEADER | |
|---|---|
| fixed length control field | 01291 a2200181 4500 |
| 003 - CONTROL NUMBER IDENTIFIER | |
| control field | Nust |
| 005 - DATE AND TIME OF LATEST TRANSACTION | |
| control field | 20221028091707.0 |
| 020 ## - INTERNATIONAL STANDARD BOOK NUMBER | |
| International Standard Book Number | 8176353108 |
| 040 ## - CATALOGING SOURCE | |
| Transcribing agency | Nust |
| 082 ## - DEWEY DECIMAL CLASSIFICATION NUMBER | |
| Classification number | 006.6,KAR |
| 100 ## - MAIN ENTRY--PERSONAL NAME | |
| Personal name | Karlins,David |
| 9 (RLIN) | 78228 |
| 245 ## - TITLE STATEMENT | |
| Title | Corel Draw 9, |
| Remainder of title | sams Tech Yourself in 24 hours / |
| Statement of responsibility, etc. | David karlins |
| 260 ## - PUBLICATION, DISTRIBUTION, ETC. | |
| Place of publication, distribution, etc. | New Delhi |
| Name of publisher, distributor, etc. | Techmedia |
| Date of publication, distribution, etc. | 2000 |
| 300 ## - PHYSICAL DESCRIPTION | |
| Extent | 414p |
| 505 ## - FORMATTED CONTENTS NOTE | |
| Formatted contents note | introduction (Page-1), Diving in (Page-5), Creating artistic text (Page-25), Working with shapes (Page-45), Orchestrating your illustration (Page-69), Setting up page layout (Page-87), Defining outlines (Page-103), Mixing up fills (Page-115), Working with curves (Page-133), Bezier curves (Page-153), Working with shapes and curves (Page-169), Adding effects (Page-185), Lenses and power clipps (Page-203), Blends and contours (Page-217), working with perspective (Page-227), Handling complex drawings (Page-241), Managing layers and pages (Page-255), Importing and exporting objects (Page-269), Printing (Page-283), From Corel draw to world wide web (Page-295), Photo paint (Page-313), Painting text (Page-327), Painting bitmap objects (Page-335), Working with objects (Page-347), Having too much fun with masks (Page-359), Index (Page-393). |
| 650 ## - SUBJECT ADDED ENTRY--TOPICAL TERM | |
| Topical term or geographic name entry element | Corel Draw 9 |
| 9 (RLIN) | 101590 |
| 942 ## - ADDED ENTRY ELEMENTS (KOHA) | |
| Source of classification or shelving scheme | |
| Koha item type | Book |
| Call number prefix | 006.6,KAR |
| Withdrawn status | Lost status | Source of classification or shelving scheme | Damaged status | Not for loan | Permanent Location | Current Location | Shelving location | Date acquired | Full call number | Barcode | Date last seen | Price effective from | Koha item type | Public note |
|---|---|---|---|---|---|---|---|---|---|---|---|---|---|---|
| Military College of Signals (MCS) | Military College of Signals (MCS) | General Stacks | 12/12/2016 | 006.6,KAR | MCS28395 | 12/08/2016 | 12/12/2016 | Book | Almirah No.7, Shelf No.5 |
